Guess the football legend - Statistics

General Stats
  • This quiz has been taken 2,178 times
  • The average score is 7 of 15
Answer Stats
Hint Answer % Correct
Brazilian footballer said to be the best of all time Pele
97%
Italian goalkeeper who has had 1 of the longest lasting careers ever Gianluigi Buffon
84%
Went to Prison for having a fake passport Ronaldinho
81%
Has the highest amount of goals scored at Manchester United Wayne Rooney
81%
Known for missing an open net, played for Chelsea, Liverpool and Athletico Madrid Fernando Torres
66%
French arsenal Player Thierry Henry
64%
Russian Goalkeeper who wore a hat when he played, was called the Black Spider Lev Yashin
62%
Is Currently the president of Liberia George Weah
53%
Attacking midfielder who played for AC Milan, Real Madrid and Orlando City Kaka
52%
Is Married to a member of The Spice Girls David Beckham
47%
Played at Manchester United for his whole career and then became the manager and coach Ryan Giggs
28%
He bites other players Luiz Suarez
13%
Is Said to be the best dribbler of all time Garrincha
11%
Dutch footballer who had a big afro but has now shaved it Rudd Gullit
2%
Headbutts other players Zindedine Zidane
1%
No matching quizzes found
Score Distribution
Percent of People with Each Score
Percentile by Number Answered
Your Score History
You have not taken this quiz